ბათუმის შოთა რუსთაველის სახელმწიფო უნივერსიტეტის ბიბლიოთეკა

ტრაქტორები და ავტომობილები: საავტოტრაქტორო ძრავების თეორია და გაანგარიშება : სახელმძღვ. / (ბიბ.ჩანაწერი № 40077)

000 -ლიდერი
ფიქსირებული სიგრძის საკონტროლო ველი 01075nam a2200217Ia 4500
001 - საკონტროლო ნომერი
საკონტროლო ველი 6683
003 - საკონტროლო ნომრის იდენტიფიკატორი
საკონტროლო ველი GE_BSU
005 - ბოლო ოპერაციის თარიღი და დრო
საკონტროლო ველი 20190627200230.0
008 - ფიქსირებული სიგრძის მონაცემთა ელემენტები - ზოგადი ინფორმაცია
ფიქსირებული სიგრძის საკონტროლო ველი 181216s1973|||| |||||||||||||| ||geo||
041 ## - ენის კოდი
Language code of text/sound track or separate title geo
080 ## - უნივერსალური ათობითი კლასიფიკაციის ინდექსი
Universal Decimal Classification number 621.43.01(075.8) მ-44
100 ## - მთავარი ჩანაწერი - პიროვნების სახელი
Personal name მახალდიანი, ვ.
9 (RLIN) 3001
245 ## - ცნობა სათაურის შესახებ
Title ტრაქტორები და ავტომობილები: საავტოტრაქტორო ძრავების თეორია და გაანგარიშება : სახელმძღვ. /
Statement of responsibility, etc ვ. მახალდიანი ; რედ : პ. ლაბარტყავა.
250 ## - გამოცემის ცნობა
Edition statement მეორე გადამუშ. გამოც.
264 ## - წარმოების, გამოცემის, დისტრიბუციის და სხვა ცნობები
გამოცემის, წარმოების, დისტრიბუციის... ადგილი თბილისი :
გამოცემის, წარმოების, დისტრიბუციის... სახელწოდება განათლება,
გამოცემის, წარმოების, დისტრიბუციის... თარიღი 1973.
300 ## - ფიზიკური აღწერა
Extent 354 გვ .:
Dimensions 22 სმ.
653 ## - INDEX TERM--UNCONTROLLED
Uncontrolled term ტრაქტორები და ავტომობილები
653 ## - INDEX TERM--UNCONTROLLED
Uncontrolled term ტექნიკა
700 ## - ADDED ENTRY--PERSONAL NAME
Personal name ლაბარტყავა, პ
Relator term რედაქტორი
9 (RLIN) 523
942 ## - ADDED ENTRY ELEMENTS (KOHA)
Koha item type წიგნი
Source of classification or shelving scheme
ეგზემპლარები
ჩამოწერის სტატუსი დაკარგული ეგზემპლარის სტატუსი კლასიფიკაციის წყარო ან თაროზე გაწყობის სქემა დაზიანების სტატუსი არ გაიცემა მუდმივი მდებარეობა (დაცვის ადგილი) ამჟამინდელი ადგილსამყოფელი თაროზე განთავსების ადგილი შეძენის თარიღი ღირებულება, შესყიდვის ნორმალური ფასი სრული შენახვის შიფრი შტრიხკოდი ბოლო ოპერაციის თარიღი ეგზემპლარის მიმდევრობითი ნომერი (კეტერი?) ფასის ძალაში შესვლის თარიღი ეგზემპლარის სახეობა საჯარო შენიშვნა
          ტექნოლოგიური ფაკულტეტის ბიბლიოთეკა ტექნოლოგიური ფაკულტეტის ბიბლიოთეკა წიგნსაცავი 2018-12-17 1.00 621.43.01(075.8) მ-44 10991 2018-12-17 10991 2018-12-17 წიგნი 1 ლ. 56 თ.
          ტექნოლოგიური ფაკულტეტის ბიბლიოთეკა ტექნოლოგიური ფაკულტეტის ბიბლიოთეკა წიგნსაცავი 2018-12-17 1.00 621.43.01(075.8) მ-44 10992 2018-12-17 10992 2018-12-17 წიგნი 1 ლ. 56 თ.
          ტექნოლოგიური ფაკულტეტის ბიბლიოთეკა ტექნოლოგიური ფაკულტეტის ბიბლიოთეკა წიგნსაცავი 2018-12-17 1.00 621.43.01(075.8) მ-44 10993 2018-12-17 10993 2018-12-17 წიგნი 1 ლ. 56 თ.
          ტექნოლოგიური ფაკულტეტის ბიბლიოთეკა ტექნოლოგიური ფაკულტეტის ბიბლიოთეკა წიგნსაცავი 2018-12-17 1.00 621.43.01(075.8) მ-44 10994 2018-12-17 10994 2018-12-17 წიგნი 1 ლ. 56 თ.
          ტექნოლოგიური ფაკულტეტის ბიბლიოთეკა ტექნოლოგიური ფაკულტეტის ბიბლიოთეკა წიგნსაცავი 2018-12-17 1.00 621.43.01(075.8) მ-44 10995 2018-12-17 10995 2018-12-17 წიგნი 1 ლ. 56 თ.